| 000 | 00445nab a2200145Ia 4500 | ||
|---|---|---|---|
| 003 | ES-SlBCS | ||
| 005 | 20210601131743.0 | ||
| 008 | 140529s1929 xxu||||| |||| 00| 0 fre d | ||
| 041 | _afre | ||
| 100 | 1 |
_aRabeau, Gaston _917408 |
|
| 245 | 0 | 0 |
_aLa philosophie religieuse de Max Scheler _c Gaston Rabeau |
| 600 | 1 | 4 |
_aScheler, Max _d, 1874-1928 _9106297 |
| 773 | 0 |
_tVie Intelectuelle (La) _gvol. 2, nº. 5, 1929, págs. 234-246 _wRev907 |
|
| 942 | _cAR | ||
| 999 |
_c568233 _d568233 |
||